Flagi krajów i terytoriów świata - Statystyki

Ogólne statystyki
  • Ten quiz został rozwiązany 803 razy
    350 od ostatniego zresetowania
  • Średni wynik to 169 z 303
Statystyki odpowiedzi
Obrazkowy Odpowiedź % Poprawnych
Albania
96%
Hiszpania
95%
Polska
95%
Włochy
95%
Islandia
94%
Węgry
94%
Wielka Brytania
94%
Estonia
93%
Finlandia
93%
Francja
93%
Łotwa
93%
Niemcy
93%
Portugalia
93%
Szwajcaria
93%
Belgia
92%
Bośnia i Hercegowina
92%
Holandia
92%
Norwegia
92%
Rosja
92%
Szwecja
92%
Ukraina
92%
Austria
91%
Czechy
91%
Dania
91%
Irlandia
91%
Litwa
91%
Luksemburg
91%
Malta
91%
Monako
91%
Watykan
91%
Andora
90%
Bułgaria
90%
Chorwacja
90%
Macedonia Północna
90%
Mołdawia
90%
Rumunia
90%
San Marino
90%
Serbia
90%
Słowacja
90%
Słowenia
90%
Białoruś
89%
Czarnogóra
88%
Kosowo
88%
Liechtenstein
87%
Chiny
81%
Walia
81%
Anglia
80%
Szkocja
80%
Arabia Saudyjska
78%
Cypr
78%
Indie
78%
Indonezja
78%
Izrael
78%
Japonia
78%
Korea Południowa
78%
Turcja
78%
Wietnam
78%
Kazachstan
77%
Nepal
77%
Bangladesz
76%
Irak
76%
Liban
76%
Armenia
75%
Azerbejdżan
75%
Filipiny
75%
Grenlandia
75%
Iran
75%
Kambodża
75%
Korea Północna
75%
Laos
75%
Pakistan
75%
Sri Lanka
75%
Syria
75%
Bhutan
74%
Gruzja
74%
Malezja
74%
Singapur
74%
Tajlandia
74%
Wyspy Owcze
74%
Katar
73%
Mongolia
73%
Uzbekistan
73%
Gibraltar
72%
Jordania
72%
Kirgistan
72%
Malediwy
72%
Tajwan
72%
Turkmenistan
72%
Zjednoczone Emiraty Arabskie
72%
Afganistan
71%
Jemen
71%
Bahrajn
70%
Kuwejt
70%
Mjanma
70%
Oman
70%
Tadżykistan
70%
Timor Wschodni
70%
Brunei
69%
Hongkong
69%
Republika Południowej Afryki
69%
Egipt
68%
Kenia
67%
Nigeria
67%
Tunezja
67%
Wyspa Man
67%
Algieria
66%
Angola
66%
Etiopia
66%
Maroko
66%
Uganda
66%
Argentyna
65%
Czad
65%
Kanada
65%
Seszele
65%
Stany Zjednoczone
65%
Wybrzeże Kości Słoniowej
65%
Australia
64%
Brazylia
64%
Madagaskar
64%
Niger
64%
Tanzania
64%
Barbados
63%
Botswana
63%
Burundi
63%
Chile
63%
Ekwador
63%
Ghana
63%
Jamajka
63%
Kamerun
63%
Kolumbia
63%
Kuba
63%
Liberia
63%
Meksyk
63%
Mozambik
63%
Nowa Zelandia
63%
Palestyna
63%
Republika Środkowoafrykańska
63%
Senegal
63%
Somalia
63%
Urugwaj
63%
Wenezuela
63%
Burkina Faso
62%
Demokratyczna Republika Kongo
62%
Dominikana
62%
Erytrea
62%
Eswatini
62%
Gabon
62%
Lesotho
62%
Libia
62%
Mauretania
62%
Panama
62%
Paragwaj
62%
Republika Zielonego Przylądka
62%
Honduras
61%
Katalonia
61%
Komory
61%
Kongo
61%
Malawi
61%
Peru
61%
Sudan Południowy
61%
Togo
61%
Zambia
61%
Benin
60%
Boliwia
60%
Dżibuti
60%
Gwinea Równikowa
60%
Haiti
60%
Kostaryka
60%
Mali
60%
Namibia
60%
Nikaragua
60%
Palau
60%
Papua-Nowa Gwinea
60%
Rwanda
60%
Sudan
60%
Tonga
60%
Zimbabwe
60%
Dominika
59%
Gwatemala
59%
Gwinea Bissau
59%
Mauritius
59%
Mikronezja
59%
Naddniestrze
59%
Saint Lucia
59%
Sierra Leone
59%
Bahamy
58%
Fidżi
58%
Gujana
58%
Gwinea
58%
Irlandia Północna
58%
Jersey
58%
Kiribati
58%
Salwador
58%
Surinam
58%
Wyspy Marshalla
58%
Antigua i Barbuda
57%
Belize
57%
Gambia
57%
Nauru
57%
Saint Kitts i Nevis
57%
Saint Vincent i Grenadyny
57%
Samoa
57%
Trynidad i Tobago
57%
Tuvalu
57%
Vanuatu
57%
Wyspy Kokosowe
57%
Wyspy Salomona
57%
Wyspy Świętego Tomasza i Książęce
57%
Grenada
56%
Makau
55%
Portoryko
53%
Cypr Północny
51%
Guam
49%
Nowa Kaledonia
48%
Wyspy Alandzkie
47%
Guernsey
46%
Samoa Amerykańskie
46%
Wyspa Bożego Narodzenia
45%
Aruba
44%
Polinezja Francuska
43%
Sahara Zachodnia
42%
Wyspy Cooka
42%
Abchazja
40%
Curacao
40%
Niue
40%
Norfolk
40%
Tybet
40%
Bermudy
37%
Gujana Francuska
37%
Papua
37%
Reunion
37%
Kraj Basków
36%
Mariany Północne
36%
Anguilla
35%
Somaliland
35%
Wyspy Dziewicze Stanów Zjednoczonych
35%
Brytyjskie Wyspy Dziewicze
34%
Sardynia
32%
Falklandy
31%
Gwadelupa
31%
Kurdystan
31%
Sycylia
31%
Osetia Południowa
30%
Kajmany
28%
Montserrat
28%
Bonaire
27%
Republika Krymu
27%
Pitcairn
25%
Saint-Pierre i Miquelon
25%
Zanzibar
25%
Turks i Caicos
24%
Wallis i Futuna
24%
Majotta
23%
Martynika
22%
Sint Maarten
22%
Saba
18%
Czeczenia
17%
Madera
16%
Wyspy Kanaryjskie
16%
Saint-Barthelemy
15%
Wyspa Świętej Heleny, Wyspy Wniebowstąpienia i Tristan da Cunha
15%
Azory
14%
Republika Serbska
14%
Gagauzja
13%
Georgia Południowa i Sandwich Południowy
13%
Sint Eustatius
13%
Ceuta
10%
Dagestan
10%
Wojwodina
10%
Adżaria
9%
Mellila
8%
Jakucja
7%
Saint-Martin
7%
Friuli-Wenecja Juliska
6%
Trydent-Górna Adyga
6%
Aceh
5%
Adygeja
5%
Ałtaj
5%
Czuwaszja
5%
Dolina Aosty
5%
Ingusetia
5%
Karelia
5%
Tatarstan
5%
Tuwa
5%
Athos
4%
Baszkortostan
4%
Buriacja
4%
Chakasja
4%
Mari El
4%
Mordowia
4%
Udmurcja
4%
Chanty-Mansyjski Okręg Autonomiczny - Jugra
3%
Czukocki Okręg Autonomiczny
3%
Jamalsko-Nieniecki Okręg Autonomiczny
3%
Kabardo-Bałkaria
3%
Komi
3%
Nieniecki Okręg Autonomiczny
3%
Wybrzeże Karaibskie Północne
3%
Wybrzeże Karaibskie Południowe
3%
Cżedżu
2%
Kałmucia
2%
Karaczajo-Czerkiesia
2%
Wyspa Książęca
2%
Nie znaleziono quizów pasujących do podanych kryteriów
Rozkład punktacji
Procent ludzi z każdym wynikiem
Percentyl według liczby udzielonych odpowiedzi
Twoja historia wyników
Nie rozwiązałeś tego quizu od ostatniego zresetowania